000 01435ngm a22002897a 4500
005 20080708143856.0
007 ta
008 080708t xxu||||| |||| 00| 0 eng d
010 _aDVD-000049-51
024 _cRs.99.00
037 _a0173/ 12-05-08
040 _aDpl
082 _aCD / LAVK
245 _aLav Kush
_cProduced and Published by Vision Interactive Systems
_hCD-Rom
260 _aBanglore
_bVision Interactive Systems
_c2008
300 _a1 disc (CD)
440 _aBuzzers Series
500 _aFor all agaes
500 _aThis part of Ramayana is called Uttar Ramayana.
538 _aMinimus system reauirements: P-III & above, 64 MB RAM, CD-Rom Drive, Windows XP/2000/MW/NT, 256 Color VGA Display
650 _2Animated Stories
942 _cCF
_hCD / LAVK
_2ddc
999 _c14474
_d14474